| Tag |
First Indicator |
Second Indicator |
Subfields |
| LEADER |
00000cam a2200000 a 4500 |
| 001 |
in00000936713 |
| 005 |
20160405102413.0 |
| 008 |
900711s1990 ncua 00010 eng d |
| 020 |
|
|
|a 1555443818
|
| 035 |
|
|
|a (OCoLC)21990884
|
| 035 |
|
|
|9 AES1222AM
|
| 040 |
|
|
|a WAA
|c WAA
|d UtOrBLW
|
| 049 |
|
|
|a TXAM
|
| 090 |
|
|
|a QA276.4
|b .S139 1990
|
| 245 |
0 |
0 |
|a SAS language :
|b reference, version 6.
|
| 250 |
|
|
|a 1st ed.
|
| 264 |
|
1 |
|a Cary, NC :
|b SAS Institute,
|c 1990.
|
| 300 |
|
|
|a xxx, 1042 :
|b illustrations ;
|c 28 cm.
|
| 336 |
|
|
|a text
|b txt
|2 rdacontent
|
| 337 |
|
|
|a unmediated
|b n
|2 rdamedia
|
| 338 |
|
|
|a volume
|b nc
|2 rdacarrier
|
| 504 |
|
|
|a Includes bibliographies and index.
|
| 630 |
0 |
0 |
|a SAS (Computer file)
|
| 650 |
|
0 |
|a Systems software.
|
| 710 |
2 |
|
|a SAS Institute.
|
| 999 |
|
|
|a MARS
|
| 999 |
f |
f |
|s d481362e-5b5c-37d6-a795-a97995daab68
|i 056986a4-ee24-3574-9b1e-34fe9ad7128f
|t 0
|
| 952 |
f |
f |
|p ric
|a Texas A&M University
|b Rellis Campus
|c Joint Library Facility
|s JLF
|d Remote Storage
|t 0
|e QA276.4 .S139 1990
|h Library of Congress classification
|i unmediated -- volume
|m A14813493691
|
| 952 |
f |
f |
|p normal
|a Texas A&M University
|b College Station
|c Sterling C. Evans Library
|s Evans stk
|d Evans: Library Stacks
|t 0
|e QA276.4 .S139 1990
|h Library of Congress classification
|i unmediated -- volume
|m A14813322824
|
| 998 |
f |
f |
|a QA276.4 .S139 1990
|t 0
|l Evans: Library Stacks
|
| 998 |
f |
f |
|a QA276.4 .S139 1990
|t 0
|l Remote Storage
|